[Event "Jacques Lemans op 16th"]
[Site "St Veit"]
[Date "1996.??.??"]
[Round "6"]
[White "Herzog, Adolf"]
[Black "Feichter, Clemens"]
[Result "0-1"]
[WhiteElo "2405"]
[BlackElo "2051"]
[PlyCount "66"]
[EventDate "1996.07.??"]
[EventType "swiss"]
[EventRounds "9"]
[EventCountry "AUT"]
[SourceTitle "EXT 1999"]
[Source "ChessBase"]
[SourceDate "1998.11.16"]
[SourceVersion "1"]
[SourceVersionDate "1998.11.16"]
[SourceQuality "1"]

1. c4 e5 2. Nc3 Nc6 3. Nf3 f5 4. d4 e4 5. Ng5 h6 6. Nh3 g5 7. e3 Nf6 8. Be2 Bb4 9. Qb3 d6 10. Bd2 0-0 11. 0-0-0 Kh7 12. f3 Bxc3 13. Bxc3 exf3 14. gxf3 Qe7 15. Bd2 f4 16. Qd3+ Kg7 17. exf4 Bxh3 18. d5 Bf5 19. Qxf5 Nd4 20. Qd3 Nxe2+ 21. Kb1 Nxf4 22. Bxf4 gxf4 23. Rde1 Qf7 24. Rhg1+ Kh8 25. Rg6 Qh7 26. Re6 Rae8 27. Kc2 Rxe6 28. dxe6 Ne8 29. h4 Rf6 30. h5 Rxg6 31. hxg6 Qe7 32. Qe4 Kg7 33. Qxf4 Qxe6 0-1

[Event "AUT-chT 9697"]
[Site "Austria"]
[Date "1996.??.??"]
[Round "3"]
[White "Herzog, Adolf"]
[Black "Hadjieff, Dieter"]
[Result "1-0"]
[WhiteElo "2385"]
[BlackElo "2235"]
[PlyCount "67"]
[EventDate "1996.??.??"]
[EventType "team"]
[EventRounds "11"]
[EventCountry "AUT"]
[SourceTitle "CBM 057 Extra"]
[Source "ChessBase"]
[SourceDate "1997.05.01"]
[SourceVersion "1"]
[SourceVersionDate "1997.05.01"]
[SourceQuality "1"]

1. c4 Nf6 2. b3 e5 3. Bb2 Nc6 4. Nf3 e4 5. Nd4 Bc5 6. e3 0-0 7. Nxc6 dxc6 8. Nc3 Bf5 9. Be2 Nd7 10. Qc2 Re8 11. 0-0-0 Qe7 12. g4 Bg6 13. h4 h6 14. h5 Bh7 15. g5 hxg5 16. h6 f6 17. hxg7 Ba3 18. d3 Bxb2+ 19. Kxb2 Nc5 20. dxe4 Qxg7 21. Bg4 Rxe4 22. Nxe4 Bxe4 23. Qc3 Bxh1 24. Rxh1 Ne4 25. Qd4 Nxf2 26. Be6+ Kf8 27. Rh2 Ne4 28. Qxe4 f5+ 29. Qd4 Qxd4+ 30. exd4 f4 31. Rh8+ Ke7 32. Rxa8 Kxe6 33. Kc3 Kf5 34. Kd3 1-0

[Event "AUT-chT 9596"]
[Site "Austria"]
[Date "1996.??.??"]
[Round "?"]
[White "Herzog, Adolf"]
[Black "Koenig, Dietrich"]
[Result "1-0"]
[WhiteElo "2380"]
[BlackElo "2290"]
[PlyCount "49"]
[EventDate "1995.??.??"]
[EventType "team"]
[EventRounds "11"]
[EventCountry "AUT"]
[SourceTitle "CBM 052 Extra"]
[Source "ChessBase"]
[SourceDate "1996.07.01"]
[SourceVersion "1"]
[SourceVersionDate "1996.07.01"]
[SourceQuality "1"]

1. d4 d6 2. e4 Nf6 3. f3 e5 4. d5 Be7 5. Be3 c6 6. c4 0-0 7. Nc3 Nbd7 8. Nge2 a6 9. Qd2 cxd5 10. cxd5 b5 11. g4 Nb6 12. Ng3 Ne8 13. h4 Qc7 14. Rc1 Qb8 15. Nd1 Bd7 16. Nf5 Bd8 17. h5 Kh8 18. g5 Bxf5 19. exf5 Nc7 20. g6 Bf6 21. h6 fxg6 22. fxg6 Ncxd5 23. hxg7+ Bxg7 24. Rxh7+ Kg8 25. Bh6 1-0

[Event "Vienna op-B"]
[Site "Vienna"]
[Date "1996.??.??"]
[Round "4"]
[White "Herzog, Adolf"]
[Black "Martinovsky, Eugene Simeon"]
[Result "1-0"]
[WhiteElo "2385"]
[BlackElo "2260"]
[PlyCount "73"]
[EventDate "1996.08.??"]
[EventType "swiss"]
[EventRounds "9"]
[EventCountry "AUT"]
[SourceTitle "EXT 2000"]
[Source "ChessBase"]
[SourceDate "1999.11.16"]
[SourceVersion "1"]
[SourceVersionDate "1999.11.16"]
[SourceQuality "1"]

1. d4 Nf6 2. Nf3 d5 3. c3 c6 4. Nbd2 h6 5. Qc2 g6 6. e4 dxe4 7. Ne5 Nbd7 8. f4 exf3 9. Ndxf3 Nxe5 10. Nxe5 Be6 11. Bd3 Qb6 12. 0-0 0-0-0 13. Nc4 Bxc4 14. Bxc4 Rh7 15. Bf4 Nd5 16. Be5 Ne3 17. Be6+ fxe6 18. Qxg6 Kd7 19. Rf2 h5 20. Qxh7 Ng4 21. Raf1 Nxf2 22. Rxf2 Qa5 23. a3 c5 24. d5 Qa4 25. d6 Kc8 26. d7+ Qxd7 27. h3 Qd5 28. Bg3 Qg5 29. Kh2 Bh6 30. Bf4 Qh4 31. Bg3 Qg5 32. h4 Qc1 33. Qg6 Rd1 34. Qe8+ Rd8 35. Qxe7 Rd7 36. Qxc5+ Kd8 37. Rf8+ 1-0

[Event "Casino op 4th"]
[Site "Velden"]
[Date "1996.??.??"]
[Round "1"]
[White "Herzog, Adolf"]
[Black "Siegmund, Rainer"]
[Result "1-0"]
[WhiteElo "2385"]
[BlackElo "2190"]
[PlyCount "59"]
[EventDate "1996.06.??"]
[EventType "swiss"]
[EventRounds "9"]
[EventCountry "AUT"]
[SourceTitle "EXT 1997"]
[Source "ChessBase"]
[SourceDate "1996.11.15"]
[SourceVersion "1"]
[SourceVersionDate "1996.11.15"]
[SourceQuality "1"]

1. d4 Nf6 2. c4 e6 3. Nf3 b6 4. a3 Bb7 5. Nc3 d5 6. Bf4 Bd6 7. Bg3 0-0 8. e3 Ne4 9. cxd5 Nxc3 10. bxc3 exd5 11. Bd3 c5 12. Ne5 Ba6 13. Bb1 Bxe5 14. dxe5 Qd7 15. Ba2 Bb7 16. 0-0 Qc6 17. f3 c4 18. Bb1 Nd7 19. Ra2 Rfe8 20. f4 Nc5 21. f5 Nd7 22. f6 Nxe5 23. Bxh7+ Kxh7 24. Qh5+ Kg8 25. Bxe5 Rxe5 26. Qxe5 g6 27. Qg5 Qe8 28. Rf3 d4 29. Rh3 Qe4 30. Rh8+ 1-0